[Event "SenWM Bad Zwischenahn"]
[Site "?"]
[Date "2008.??.??"]
[Round "?"]
[White "Altrock, Rainer"]
[Black "Burreh, Heinz"]
[Result "1/2-1/2"]
[WhiteElo "2080"]
[BlackElo "1955"]
[PlyCount "40"]
[EventDate "2008.??.??"]

1. c4 Nf6 2. g3 c6 3. Bg2 e6 4. Nf3 d5 5. O-O Be7 6. d4 O-O 7. Nc3 Nbd7 8. cxd5
exd5 9. a3 Re8 10. Qc2 h6 11. b4 a6 12. Rb1 Bd6 13. a4 Ne4 14. Nxe4 dxe4 15.
Nd2 Nf6 16. Nxe4 Nxe4 17. Bxe4 Qe7 18. Bd3 Bxb4 19. Bb2 Bg4 20. f3 Bh3 1/2-1/2

[Event "SenWM Bad Zwischenahn"]
[Site "?"]
[Date "2008.??.??"]
[Round "?"]
[White "Standal, Bard"]
[Black "Kühn, Peter"]
[Result "1/2-1/2"]
[WhiteElo "1910"]
[BlackElo "2040"]
[PlyCount "29"]
[EventDate "2008.??.??"]

1. Nf3 c5 2. e4 Nc6 3. d4 cxd4 4. Nxd4 g6 5. Be3 Bg7 6. Nc3 d6 7. Be2 Nf6 8. g4
a6 9. g5 Nd7 10. Qd2 Nb6 11. Nd5 Nxd5 12. exd5 Nxd4 13. Bxd4 Bxd4 14. Qxd4 O-O
15. O-O-O 1/2-1/2

[Event "SenWM Bad Zwischenahn"]
[Site "?"]
[Date "2008.??.??"]
[Round "?"]
[White "Schuller, Erhard"]
[Black "Stock, Hugo"]
[Result "1/2-1/2"]
[WhiteElo "1780"]
[BlackElo "1645"]
[PlyCount "53"]
[EventDate "2008.??.??"]

1. e4 c5 2. Nf3 d6 3. d4 cxd4 4. Nxd4 Nf6 5. Nc3 g6 6. Be2 Bg7 7. Be3 O-O 8.
Qd2 Nc6 9. f3 Bd7 10. O-O Rc8 11. Nxc6 Bxc6 12. Bh6 a6 13. Bxg7 Kxg7 14. Kh1 b5
15. a3 Qb6 16. Nd1 Bb7 17. c3 h5 18. Qe3 Qc5 19. Qxc5 dxc5 20. Ne3 c4 21. Rfd1
Rfd8 22. Kg1 Kf8 23. Rxd8+ Rxd8 24. Rd1 Rxd1+ 25. Bxd1 Nd7 26. Bc2 Nc5 27. Kf2
1/2-1/2

[Event "SenWM Damen Bad Zwischenahn"]
[Site "?"]
[Date "2008.??.??"]
[Round "?"]
[White "Strutinskaya, Galina"]
[Black "Voronova, Tatjana"]
[Result "0-1"]
[WhiteElo "2280"]
[BlackElo "2225"]
[PlyCount "96"]
[EventDate "2008.??.??"]

1. d4 c5 2. d5 e6 3. c4 exd5 4. cxd5 d6 5. Nc3 g6 6. Nf3 Bg7 7. g3 Nf6 8. Bg2
O-O 9. Bf4 a6 10. a4 Nh5 11. Bg5 Qc7 12. Qd2 Re8 13. O-O b6 14. h3 f6 15. Be3
Bh8 16. Kh2 Nd7 17. g4 Ng7 18. Bf4 Rb8 19. Qd3 Re7 20. Nd2 Ne5 21. Qg3 b5 22.
axb5 axb5 23. Be3 f5 24. f4 Nf7 25. g5 Nh5 26. Qf2 Bd7 27. Bf3 Rbe8 28. Bxh5
Bxc3 29. bxc3 gxh5 30. g6 hxg6 31. Qg3 Rxe3 32. Qxg6+ Kf8 33. Rg1 Rxe2+ 34. Kh1
Qb7 35. Qg7+ Ke7 36. Rg6 Qxd5+ 37. Kg1 Kd8 38. c4 Re1+ 39. Nf1 Qd4+ 40. Qxd4
cxd4 41. Ra8+ Ke7 42. Rxe8+ Kxe8 43. Kf2 Rxf1+ 44. Kxf1 bxc4 45. Ke2 Ke7 46.
Rg1 Ke6 47. Kf3 Bc6+ 48. Kg3 c3 0-1

[Event "SenWM Damen Bad Zwischenahn"]
[Site "?"]
[Date "2008.??.??"]
[Round "?"]
[White "Vilerte, Tamara"]
[Black "Saunina, Ludmilla"]
[Result "1/2-1/2"]
[WhiteElo "2205"]
[BlackElo "2295"]
[PlyCount "45"]
[EventDate "2008.??.??"]

1. d4 Nf6 2. Nf3 e6 3. c4 Bb4+ 4. Bd2 Qe7 5. g3 Nc6 6. a3 Bxd2+ 7. Qxd2 d6 8.
Bg2 O-O 9. Nc3 e5 10. Nd5 Qd8 11. Nxf6+ Qxf6 12. d5 Ne7 13. O-O a5 14. b4 axb4
15. axb4 Bg4 16. Qc3 Nf5 17. Rxa8 Rxa8 18. Ra1 Qd8 19. h3 Bxf3 20. Bxf3 Nd4 21.
Kg2 h6 22. c5 Nxf3 23. Kxf3 1/2-1/2

[Event "SenWM Damen Bad Zwischenahn"]
[Site "?"]
[Date "2008.??.??"]
[Round "?"]
[White "Erenska_Barlo, Hanna"]
[Black "Miednikova, Svetlana"]
[Result "1/2-1/2"]
[WhiteElo "2270"]
[BlackElo "2155"]
[PlyCount "123"]
[EventDate "2008.??.??"]

1. e4 e5 2. Nf3 Nc6 3. Bc4 Bc5 4. c3 Bb6 5. O-O Nf6 6. d4 Qe7 7. d5 Nb8 8. Nbd2
O-O 9. b4 c6 10. Qb3 d6 11. a4 a6 12. Ba3 Bg4 13. Rfe1 Nbd7 14. h3 Bxf3 15.
Nxf3 c5 16. a5 cxb4 17. cxb4 Ba7 18. Ra2 Nh5 19. Kh2 g6 20. Bc1 Ng7 21. Bh6 f6
22. h4 Rfc8 23. Bf1 Rc7 24. Rc2 Rac8 25. Rxc7 Rxc7 26. Be3 Bxe3 27. Qxe3 f5 28.
Qg5 Nf6 29. exf5 gxf5 30. Kg1 Nxd5 31. Rd1 Nf6 32. Qe3 e4 33. Nd4 Ng4 34. Qb3+
Kh8 35. g3 Qf7 36. Qxf7 Rxf7 37. b5 axb5 38. Nxb5 Ne8 39. Be2 Rd7 40. Nd4 Nh6
41. Bb5 Re7 42. Bxe8 Rxe8 43. Nb5 Nf7 44. Nxd6 Nxd6 45. Rxd6 Re5 46. Rb6 Rxa5
47. Rxb7 Re5 48. Kg2 Kg8 49. h5 h6 50. Kf1 f4 51. gxf4 Rf5 52. Ke2 Rxf4 53. Rb2
Rf3 54. Rb6 Kg7 55. Rg6+ Kh7 56. Rg4 Rh3 57. Rxe4 Rxh5 58. Ke3 Kg6 59. Rb4 Re5+
60. Kf3 Ra5 61. Kg3 Rg5+ 62. Rg4 1/2-1/2

[Event "SenWM Damen Bad Zwischenahn"]
[Site "?"]
[Date "2008.??.??"]
[Round "?"]
[White "Khmiadashvili, Tamara"]
[Black "Bilunova, Rimma"]
[Result "0-1"]
[WhiteElo "2210"]
[BlackElo "2150"]
[PlyCount "64"]
[EventDate "2008.??.??"]

1. b3 Nf6 2. Bb2 d5 3. e3 Bf5 4. f4 e6 5. Nf3 Be7 6. Bb5+ c6 7. Be2 Nbd7 8. O-O
O-O 9. a4 c5 10. h3 Ne4 11. g4 Bg6 12. Kg2 Bf6 13. d4 Nd6 14. Nbd2 Be4 15. Nxe4
Nxe4 16. c4 cxd4 17. exd4 Rc8 18. Ne5 Bxe5 19. dxe5 dxc4 20. bxc4 Ndc5 21. Qc2
Qh4 22. Ra3 Rfd8 23. Bc1 Rd4 24. Raf3 Rcd8 25. Rd1 Rxd1 26. Bxd1 Qe1 27. Be2
Nd2 28. Re3 g6 29. a5 Ndb3 30. Rxb3 Nxb3 31. Be3 Nd2 32. Bd3 Qxe3 0-1

[Event "SenWM Damen Bad Zwischenahn"]
[Site "?"]
[Date "2008.??.??"]
[Round "?"]
[White "Dotan, Valerie"]
[Black "Epstein, Esther"]
[Result "0-1"]
[WhiteElo "2120"]
[BlackElo "2155"]
[PlyCount "118"]
[EventDate "2008.??.??"]

1. d4 c5 2. Nf3 cxd4 3. Nxd4 d5 4. g3 e5 5. Nb3 Bb4+ 6. c3 Be7 7. Bg2 Nf6 8.
O-O O-O 9. Bg5 Nbd7 10. Qc2 h6 11. Bxf6 Nxf6 12. Rd1 e4 13. a4 Bf5 14. a5 Qc8
15. Qd2 Rd8 16. Na3 Bh3 17. Bh1 Ng4 18. Nc2 Bg5 19. e3 Ne5 20. Ne1 Nc4 21. Qc1
Bg4 22. Rd4 Bf6 23. Ra4 Bxd4 24. Nxd4 Qd7 25. Ra1 a6 26. b3 Nd6 27. Qd2 Rac8
28. b4 Rc7 29. Bg2 Rdc8 30. Rc1 Nb5 31. Nxb5 Qxb5 32. Bf1 Qd7 33. h3 Bxh3 34.
Ng2 Bxg2 35. Kxg2 Qf5 36. Kh2 Qe5 37. c4 dxc4 38. Qc3 Qh5+ 39. Kg1 Qd5 40. Be2
Qe6 41. Rd1 Rd7 42. Rc1 b5 43. axb6 Qxb6 44. Bg4 Rd3 45. Qe5 Rb8 46. Qxe4 Rb3
47. Rxc4 Rxb4 48. Be2 Rxc4 49. Qxc4 a5 50. Bh5 Qf6 51. Be2 g6 52. Qa4 Rb1+ 53.
Kg2 Ra1 54. Qe8+ Kg7 55. Bc4 Rc1 56. Bd5 Rc2 57. Bf3 Qb2 58. Bd5 Rxf2+ 59. Kh3
h5 0-1

[Event "SenWM Bad Zwischenahn"]
[Site "?"]
[Date "2008.??.??"]
[Round "?"]
[White "Suba, Mihai"]
[Black "Jansa, Vlastimil"]
[Result "1-0"]
[WhiteElo "2530"]
[BlackElo "2475"]
[PlyCount "91"]
[EventDate "2008.??.??"]

1. c4 g6 2. e4 e5 3. d4 Nf6 4. Nf3 exd4 5. e5 Bb4+ 6. Bd2 Qe7 7. Bxb4 Qxb4+ 8.
Qd2 Qxd2+ 9. Nbxd2 Nh5 10. Nxd4 Nc6 11. Nxc6 dxc6 12. O-O-O Bf5 13. g3 O-O-O
14. Be2 Ng7 15. Nb3 h5 16. Rxd8+ Rxd8 17. Rd1 Re8 18. f4 Bg4 19. Nd4 c5 20.
Bxg4+ hxg4 21. Nb5 a6 22. Nc3 Nf5 23. Ne4 Rh8 24. Rd2 Ne3 25. Ng5 Nxc4 26. Re2
Rf8 27. Nh7 Rd8 28. Nf6 Rd4 29. b3 Na5 30. e6 fxe6 31. Rxe6 c4 32. Nxg4 cxb3
33. axb3 g5 34. Re8+ Rd8 35. Rxd8+ Kxd8 36. b4 Nc6 37. fxg5 Nxb4 38. h4 Ke7 39.
h5 Kf7 40. g6+ Kg7 41. Ne3 Nd3+ 42. Kd2 Ne5 43. Nf5+ Kg8 44. Ke3 a5 45. Kf4 Nc6
46. h6 1-0

[Event "SenWM Bad Zwischenahn"]
[Site "?"]
[Date "2008.??.??"]
[Round "?"]
[White "Onoprienko, Vladimir"]
[Black "Cebalo, Miso"]
[Result "1-0"]
[WhiteElo "2330"]
[BlackElo "2490"]
[PlyCount "93"]
[EventDate "2008.??.??"]

1. e4 c5 2. Nf3 d6 3. d4 cxd4 4. Nxd4 Nf6 5. Nc3 g6 6. Be3 Bg7 7. f3 O-O 8. Qd2
Nc6 9. Bc4 Bd7 10. O-O-O Rc8 11. Bb3 Ne5 12. Kb1 Re8 13. g4 b5 14. g5 b4 15.
Nce2 Nh5 16. Ng3 a5 17. Nxh5 gxh5 18. f4 a4 19. fxe5 axb3 20. Nxb3 Bxe5 21. Bd4
Bg4 22. Rdf1 Qc7 23. Rf2 Qc4 24. Rg1 Rf8 25. Qe3 Be6 26. Bxe5 dxe5 27. Nc1 Qa6
28. b3 Rc3 29. Qe2 Qa7 30. Rg3 Bg4 31. Qe1 Rfc8 32. Rd2 Qa3 33. Rgd3 Kg7 34.
Rd5 R8c5 35. Rxc5 Rxc5 36. Rd5 Qa5 37. Rxc5 Qxc5 38. Nd3 Qd4 39. Nxb4 Bf3 40.
Nc6 Qc5 41. Qg3 Bxe4 42. Qxe5+ Qxe5 43. Nxe5 h6 44. gxh6+ Kxh6 45. Nd3 Kg5 46.
Nc5 Bg6 47. b4 1-0

[Event "SenWM Bad Zwischenahn"]
[Site "?"]
[Date "2008.??.??"]
[Round "?"]
[White "Piankov, Evgenij"]
[Black "Podgayets, Mykhaylo"]
[Result "0-1"]
[WhiteElo "2320"]
[BlackElo "2465"]
[PlyCount "76"]
[EventDate "2008.??.??"]

1. d4 d6 2. Nf3 Nf6 3. Bg5 Nbd7 4. Nbd2 e5 5. dxe5 dxe5 6. e4 Be7 7. Bc4 O-O 8.
O-O Ng4 9. Bxe7 Qxe7 10. c3 Ngf6 11. Qc2 b6 12. b4 Bb7 13. Rfe1 a6 14. Nf1 b5
15. Bd3 c5 16. Qb1 Nb6 17. Bc2 Rac8 18. a3 Rfd8 19. Bb3 Nh5 20. a4 bxa4 21.
Bxa4 cxb4 22. Qxb4 Qxb4 23. cxb4 Nxa4 24. Rxa4 Nf4 25. Nxe5 Re8 26. Ng4 h5 27.
Nge3 Rxe4 28. Nd2 Re6 29. Raa1 Bxg2 30. Nxg2 Rg6 31. Kf1 Rxg2 32. Rxa6 Rxh2 33.
Kg1 Rg2+ 34. Kf1 h4 35. Ra3 Rc2 36. Rf3 Rg4 37. Ne4 f6 38. Nd6 h3 0-1

[Event "SenWM Bad Zwischenahn"]
[Site "?"]
[Date "2008.??.??"]
[Round "?"]
[White "Danner, Georg"]
[Black "Ljubarskij, Juri"]
[Result "1-0"]
[WhiteElo "2435"]
[BlackElo "2340"]
[PlyCount "95"]
[EventDate "2008.??.??"]

1. d4 Nf6 2. Nf3 e6 3. e3 d5 4. Bd3 Nbd7 5. O-O Bd6 6. Nbd2 O-O 7. c4 c5 8.
cxd5 exd5 9. b3 Re8 10. Bb2 Ne4 11. Qc2 f5 12. Rfd1 cxd4 13. Bxd4 Ndf6 14. Bb5
Re6 15. h3 Qe7 16. Bxa7 Nxd2 17. Rxd2 b6 18. Bxb6 Bb4 19. Bd4 Bxd2 20. Qxd2 Ne4
21. Qb2 Ba6 22. Bxa6 Rexa6 23. b4 g5 24. Qb3 Qd7 25. a3 Qb5 26. Bb2 Qc4 27. Qd1
h6 28. Rc1 Qb5 29. Qd4 Nf6 30. Qe5 Qd7 31. Nd4 f4 32. exf4 Re8 33. Qf5 Qxf5 34.
Nxf5 Re2 35. Rc8+ Kh7 36. Rc7+ Kg6 37. Ne7+ Kh5 38. g4+ Nxg4 39. hxg4+ Kxg4 40.
b5 Ra5 41. fxg5 hxg5 42. Bf6 Rxb5 43. Rc3 d4 44. Rd3 Re6 45. Rxd4+ Kh5 46. Nd5
Kh6 47. Be7 Rxd5 48. Bf8+ 1-0

[Event "SenWM Bad Zwischenahn"]
[Site "?"]
[Date "2008.??.??"]
[Round "?"]
[White "Rooze, Jan"]
[Black "Uhlmann, Wolfgang"]
[Result "0-1"]
[WhiteElo "2315"]
[BlackElo "2415"]
[PlyCount "152"]
[EventDate "2008.??.??"]

1. e4 e6 2. d4 d5 3. Nd2 c5 4. Ngf3 Nc6 5. Bb5 dxe4 6. Nxe4 Bd7 7. Bg5 Qa5+ 8.
Nc3 cxd4 9. Nxd4 Be7 10. Bxe7 Ngxe7 11. O-O O-O 12. Nb3 Qc7 13. Re1 Rfd8 14.
Qh5 Nb4 15. Rac1 Bxb5 16. Qxb5 Nbd5 17. Ne4 Rac8 18. Nbc5 b6 19. Nd3 Nf5 20. c3
Rd7 21. Ne5 Rdd8 22. Ng3 Nfe7 23. Qa4 Nc6 24. Qxc6 Qxc6 25. Nxc6 Rxc6 26. Red1
Rcd6 27. Ne4 R6d7 28. g3 h6 29. f4 Kf8 30. a3 b5 31. Nc5 Rc7 32. Nd3 Nb6 33.
Ne5 Rxd1+ 34. Rxd1 Ke7 35. Rd4 f6 36. Nd3 Nc4 37. Kf2 a5 38. Kf3 a4 39. g4 g5
40. f5 e5 41. Rd5 Rd7 42. Rxd7+ Kxd7 43. h3 Kd6 44. Ke4 Nd2+ 45. Ke3 Nb3 46.
Nb4 Na5 47. Ke4 Nb7 48. Kd3 Nc5+ 49. Ke3 Nd7 50. Kd3 Nb6 51. Ke4 Kc5 52. Nd3+
Kd6 53. Nb4 Nc4 54. Nd3 Kc6 55. Nb4+ Kc5 56. Nd3+ Kd6 57. Kf3 Kd5 58. Nb4+ Kc5
59. Nd3+ Kd6 60. Ke4 Nb6 61. Nb4 Nd7 62. Kd3 Kc5 63. Na6+ Kc6 64. Nb4+ Kd6 65.
Ke4 Nb6 66. Nd3 Nd5 67. Kf3 Nf4 68. Nf2 Ke7 69. Ke3 h5 70. gxh5 Nxh5 71. Kf3
Nf4 72. Kg4 Nd5 73. Kf3 Nb6 74. Ke4 Nc4 75. Nd1 Nd6+ 76. Kd5 Nxf5 0-1

[Event "SenWM Bad Zwischenahn"]
[Site "?"]
[Date "2008.??.??"]
[Round "?"]
[White "Pekun, Cem"]
[Black "Malisov, Boris"]
[Result "0-1"]
[WhiteElo "2125"]
[BlackElo "2390"]
[PlyCount "78"]
[EventDate "2008.??.??"]

1. e4 c6 2. d4 d5 3. Nd2 g6 4. c3 Bg7 5. Ngf3 Nh6 6. Bd3 O-O 7. O-O f6 8. Re1
Nf7 9. exd5 cxd5 10. c4 e6 11. Nf1 Na6 12. cxd5 exd5 13. Qb3 Qb6 14. Qxb6 axb6
15. Bd2 Bd7 16. Re7 Rfd8 17. a3 Bf8 18. Re2 Nc7 19. Rae1 Kg7 20. h3 Bb5 21.
Bxb5 Nxb5 22. Re6 Bd6 23. Ne3 Nc7 24. Rxd6 Rxd6 25. Nh4 Rc6 26. Bc3 Re8 27. g4
Nd6 28. Rd1 Nc4 29. Nxc4 Rxc4 30. Ng2 Nb5 31. Ne3 Nxc3 32. bxc3 Rxc3 33. Nxd5
Rxa3 34. Nxb6 Rxh3 35. d5 Rb3 36. Nc4 Rd8 37. d6 Rb4 38. Ne3 Rb6 39. d7 Rc6 0-1

[Event "SenWM Bad Zwischenahn"]
[Site "?"]
[Date "2008.??.??"]
[Round "?"]
[White "Kaufman, Larry C"]
[Black "Butnorius, Algimantas"]
[Result "1-0"]
[WhiteElo "2390"]
[BlackElo "2435"]
[PlyCount "97"]
[EventDate "2008.??.??"]

1. d4 Nf6 2. c4 e6 3. Nc3 Bb4 4. Qc2 O-O 5. a3 Bxc3+ 6. Qxc3 b6 7. Bg5 Bb7 8.
f3 h6 9. Bh4 d5 10. e3 Nbd7 11. cxd5 exd5 12. Bd3 Re8 13. Ne2 c6 14. Bf2 Qc8
15. Ng3 Ba6 16. Nf5 Bxd3 17. Qxd3 Re6 18. O-O c5 19. b4 c4 20. Qc2 b5 21. Rae1
Qa6 22. e4 Qxa3 23. e5 Ne8 24. Ra1 Qb3 25. Qxb3 cxb3 26. Rfb1 Nb6 27. Rxb3 Nc4
28. f4 Kf8 29. g4 Rc6 30. Bh4 f6 31. Re1 Re6 32. Bg3 a5 33. bxa5 Rxa5 34. Nh4
Nd2 35. Rd3 Ne4 36. f5 Rea6 37. Ng6+ Kg8 38. Ne7+ Kh7 39. Nxd5 Nxg3 40. hxg3 b4
41. Nxb4 Rb6 42. Nc2 Rc6 43. Re2 Nc7 44. Kf2 Nd5 45. e6 Ra7 46. Ne3 Nc3 47. Rb2
Ra1 48. Kf3 Na4 49. Rb8 1-0

[Event "SenWM Bad Zwischenahn"]
[Site "?"]
[Date "2008.??.??"]
[Round "?"]
[White "Karasev, Vladimir"]
[Black "Bogdanov, Valentin"]
[Result "1/2-1/2"]
[WhiteElo "2410"]
[BlackElo "2380"]
[PlyCount "76"]
[EventDate "2008.??.??"]

1. e4 Nf6 2. e5 Nd5 3. d4 d6 4. Nf3 dxe5 5. Nxe5 c6 6. Qf3 Be6 7. Bc4 g6 8. Bb3
Nd7 9. O-O Bg7 10. Re1 O-O 11. c3 Nxe5 12. dxe5 Qc7 13. c4 Nb6 14. Qe2 a5 15.
c5 Nd5 16. Nc3 Nxc3 17. bxc3 Bd5 18. Bf4 a4 19. Bxd5 cxd5 20. Rab1 Ra5 21. Rb5
Rxb5 22. Qxb5 Rc8 23. Qxa4 Qxc5 24. Bd2 b5 25. Qd4 Qxd4 26. cxd4 Rc2 27. Bb4
Bf8 28. a3 e6 29. Bxf8 Kxf8 30. f3 Rc3 31. Ra1 Rd3 32. a4 bxa4 33. Rxa4 Rd2 34.
h3 h5 35. Kh2 Kg7 36. Kg3 Rc2 37. Ra3 Rd2 38. Ra4 Rb2 1/2-1/2

[Event "SenWM Bad Zwischenahn"]
[Site "?"]
[Date "2008.??.??"]
[Round "?"]
[White "Jakobsen, Ole"]
[Black "Klovans, Janis"]
[Result "0-1"]
[WhiteElo "2350"]
[BlackElo "2410"]
[PlyCount "114"]
[EventDate "2008.??.??"]

1. d4 Nf6 2. c4 e6 3. Nc3 d5 4. Nf3 c6 5. Bg5 h6 6. Bxf6 Qxf6 7. Qc2 Nd7 8. e4
dxe4 9. Qxe4 Bb4 10. Rc1 Qe7 11. a3 Bxc3+ 12. Rxc3 c5 13. Be2 O-O 14. O-O f5
15. Qc2 cxd4 16. Nxd4 Nc5 17. Bf3 e5 18. Bd5+ Kh8 19. Nb3 Na4 20. Rd3 f4 21. f3
Bf5 22. Be4 Bxe4 23. fxe4 Rac8 24. Rfd1 Nc5 25. Rd5 f3 26. gxf3 Rxf3 27. Nxc5
Rxc5 28. Qg2 Rf7 29. Rd7 Qxd7 30. Rxd7 Rxd7 31. Qf2 Rd1+ 32. Kg2 Rc6 33. Qf8+
Kh7 34. Qf5+ Rg6+ 35. Kf2 Rd2+ 36. Ke3 Rxh2 37. Qxe5 Rh3+ 38. Kd4 Rg5 39. Qc7
Rb3 40. e5 Rg4+ 41. Kd5 Rxb2 42. c5 a6 43. Ke6 Rg6+ 44. Ke7 Re2 45. Kd8 Rc6 46.
Qxb7 Rxc5 47. Qb1+ Kh8 48. Kd7 Rcxe5 49. Qd3 Re8 50. Kc7 R2e6 51. Qh3 R8e7+ 52.
Kd8 Kh7 53. a4 g6 54. a5 h5 55. Qh4 Rg7 56. Qg5 Ree7 57. Qf6 Ra7 0-1

[Event "SenWM Bad Zwischenahn"]
[Site "?"]
[Date "2008.??.??"]
[Round "?"]
[White "Khanukov, Boris"]
[Black "Rotstein, Efim"]
[Result "1/2-1/2"]
[WhiteElo "2395"]
[BlackElo "2380"]
[PlyCount "29"]
[EventDate "2008.??.??"]

1. d4 d5 2. Nf3 Nf6 3. c4 c6 4. cxd5 cxd5 5. Nc3 Nc6 6. Bf4 Bf5 7. e3 e6 8. Bd3
Bxd3 9. Qxd3 Bd6 10. Bxd6 Qxd6 11. O-O O-O 12. Rfc1 Rfc8 13. Ne2 Ne7 14. Rxc8+
Rxc8 15. Rc1 1/2-1/2

[Event "SenWM Bad Zwischenahn"]
[Site "?"]
[Date "2008.??.??"]
[Round "?"]
[White "Chernikov, Oleg L"]
[Black "Pribyl, Josef"]
[Result "1/2-1/2"]
[WhiteElo "2410"]
[BlackElo "2340"]
[PlyCount "22"]
[EventDate "2008.??.??"]

1. d4 Nf6 2. c4 c5 3. Nf3 cxd4 4. Nxd4 Nc6 5. Nc3 e6 6. a3 Bc5 7. Nb3 Be7 8.
Bg5 a6 9. e3 b6 10. Be2 Bb7 11. O-O O-O 1/2-1/2

[Event "SenWM Bad Zwischenahn"]
[Site "?"]
[Date "2008.??.??"]
[Round "?"]
[White "Brinck_Claussen, Bjorn"]
[Black "Zakharov, Alexander"]
[Result "0-1"]
[WhiteElo "2275"]
[BlackElo "2410"]
[PlyCount "44"]
[EventDate "2008.??.??"]

1. e4 c5 2. Nf3 d6 3. d4 cxd4 4. Nxd4 Nf6 5. Nc3 g6 6. Be3 Bg7 7. f3 Nc6 8. Qd2
O-O 9. Bc4 Bd7 10. h4 Na5 11. Bb3 b5 12. Ndxb5 Qb8 13. Nd4 Rc8 14. Bh6 Nc4 15.
Qc1 Bxh6 16. Qxh6 Nxb2 17. Nce2 Qb4+ 18. c3 Rxc3 19. Nxc3 Qxd4 20. Qd2 Nd3+ 21.
Ke2 Nh5 22. Rhb1 Rc8 0-1

[Event "SenWM Bad Zwischenahn"]
[Site "?"]
[Date "2008.??.??"]
[Round "?"]
[White "Nordström, Felix"]
[Black "Mishuchkov, Nikolai"]
[Result "0-1"]
[WhiteElo "2210"]
[BlackElo "2355"]
[PlyCount "66"]
[EventDate "2008.??.??"]

1. e4 c5 2. Nf3 e6 3. d4 cxd4 4. Nxd4 a6 5. c4 Nf6 6. Nc3 Qc7 7. a3 b6 8. Be2
Bb7 9. f3 Be7 10. Be3 d6 11. O-O Nbd7 12. Rc1 Rc8 13. Qd2 O-O 14. b4 Qb8 15.
Kh1 Rfe8 16. Rfd1 Bd8 17. Bg1 Bc7 18. Qa2 Kh8 19. Bf1 g5 20. Re1 Rg8 21. a4 Ne5
22. Nb3 Rg6 23. a5 bxa5 24. Nxa5 Ba8 25. b5 Bb6 26. bxa6 Bxg1 27. Kxg1 Qb6+ 28.
Kh1 g4 29. f4 Nf3 30. gxf3 gxf3 31. Bd3 Rcg8 32. c5 Qxc5 33. Nd5 f2 0-1

[Event "SenWM Bad Zwischenahn"]
[Site "?"]
[Date "2008.??.??"]
[Round "?"]
[White "Klundt, Klaus"]
[Black "Sorokin, Valentin"]
[Result "1/2-1/2"]
[WhiteElo "2350"]
[BlackElo "2325"]
[PlyCount "41"]
[EventDate "2008.??.??"]

1. e4 e5 2. Nf3 Nc6 3. Bb5 a6 4. Ba4 Nf6 5. O-O Be7 6. Re1 b5 7. Bb3 O-O 8. c3
d6 9. d4 Bg4 10. d5 Na5 11. Bc2 c6 12. h3 Bc8 13. dxc6 Qc7 14. a4 b4 15. Bg5
Be6 16. cxb4 Nxc6 17. Bb3 Nxb4 18. Nc3 Rab8 19. Re2 h6 20. Bxf6 Bxf6 21. Nd5
1/2-1/2

[Event "SenWM Bad Zwischenahn"]
[Site "?"]
[Date "2008.??.??"]
[Round "?"]
[White "Schirmer, Werner"]
[Black "Davydov, Sergey"]
[Result "0-1"]
[WhiteElo "2065"]
[BlackElo "2345"]
[PlyCount "64"]
[EventDate "2008.??.??"]

1. e4 c5 2. Nf3 e6 3. d4 cxd4 4. Nxd4 a6 5. Bd3 Nf6 6. O-O d6 7. Nc3 Be7 8. Be3
Qc7 9. Kh1 b5 10. a3 Bb7 11. f4 Nbd7 12. Nb3 O-O 13. Qe1 Rac8 14. Qg3 d5 15. e5
Ne4 16. Bxe4 dxe4 17. Bd4 Nc5 18. Rae1 Nxb3 19. cxb3 Rfd8 20. Qe3 Qc6 21. Ne2
b4 22. f5 exf5 23. Rxf5 Qg6 24. Rf2 Bh4 25. g3 Bg5 26. Nf4 Bxf4 27. Rxf4 Rxd4
28. Qxd4 e3+ 29. Kg1 Qc6 30. Re4 Qxe4 31. Qxe4 Bxe4 32. Rxe3 Bf5 0-1

[Event "SenWM Bad Zwischenahn"]
[Site "?"]
[Date "2008.??.??"]
[Round "?"]
[White "Kapengut, Albert"]
[Black "Gutkin, Boris"]
[Result "1-0"]
[WhiteElo "2430"]
[BlackElo "2280"]
[PlyCount "77"]
[EventDate "2008.??.??"]

1. e4 c5 2. Nf3 d6 3. d4 cxd4 4. Nxd4 Nf6 5. Nc3 a6 6. f4 e6 7. Be2 Be7 8. O-O
Nc6 9. Be3 Qc7 10. a4 Nxd4 11. Qxd4 e5 12. Qd3 exf4 13. Rxf4 Be6 14. Nd5 Bxd5
15. exd5 Nd7 16. Rc4 Qd8 17. Rb4 b6 18. Qb3 Nc5 19. Bxc5 bxc5 20. Rb6 O-O 21.
Bxa6 Bf6 22. Kh1 Bd4 23. Rc6 Re8 24. Rf1 Qh4 25. Qf3 Be5 26. g3 Qe7 27. c3 g6
28. Bb5 Rf8 29. b4 cxb4 30. cxb4 f5 31. Rfc1 Qg5 32. R1c4 Qd2 33. Rc2 Qe1+ 34.
Kg2 g5 35. Bd3 g4 36. Qe2 Qb1 37. Bxf5 Rxa4 38. Qxg4+ Bg7 39. Rc8 1-0

[Event "SenWM Bad Zwischenahn"]
[Site "?"]
[Date "2008.??.??"]
[Round "?"]
[White "Altshul, Raffael"]
[Black "Keserovic, Milan"]
[Result "1-0"]
[WhiteElo "2340"]
[BlackElo "2215"]
[PlyCount "107"]
[EventDate "2008.??.??"]

1. d4 d5 2. Nf3 c6 3. c4 e6 4. Qc2 Nf6 5. g3 Bd6 6. Bg2 Nbd7 7. O-O O-O 8. Nbd2
Re8 9. Rd1 b6 10. e4 dxe4 11. Nxe4 Nxe4 12. Qxe4 Bb7 13. Bf4 Nf6 14. Qe3 Bxf4
15. Qxf4 Rc8 16. Ne5 Qe7 17. Rd2 Rc7 18. Rad1 h6 19. h4 Rec8 20. a3 a5 21. Qe3
a4 22. g4 Nh7 23. Qg3 g5 24. hxg5 hxg5 25. Qe3 Qf6 26. c5 b5 27. Rf1 Qg7 28. f4
gxf4 29. Qxf4 Qg5 30. Be4 Qxf4 31. Bxh7+ Kxh7 32. Rxf4 Kg7 33. Rdf2 Rf8 34. g5
Ba6 35. Rf6 b4 36. g6 bxa3 37. bxa3 Be2 38. gxf7 Bh5 39. R6f4 Kh6 40. Rf6+ Kg7
41. Rxe6 Bxf7 42. Ref6 Rb7 43. Rxf7+ Rfxf7 44. Rxf7+ Rxf7 45. Nxf7 Kxf7 46. Kf2
Ke6 47. Ke3 Kf5 48. Kf3 Kf6 49. Kf4 Ke6 50. Ke4 Kd7 51. Kf5 Ke7 52. Ke5 Kd7 53.
Kf6 Kd8 54. Ke6 1-0

[Event "SenWM Bad Zwischenahn"]
[Site "?"]
[Date "2008.??.??"]
[Round "?"]
[White "Buxade Roca, Guillermo"]
[Black "Postler, Reinhard"]
[Result "1/2-1/2"]
[WhiteElo "2210"]
[BlackElo "2315"]
[PlyCount "27"]
[EventDate "2008.??.??"]

1. e4 c5 2. Nc3 e6 3. Nf3 a6 4. d4 cxd4 5. Nxd4 Qc7 6. Bd3 Nc6 7. Nxc6 dxc6 8.
a4 e5 9. O-O Nf6 10. Bg5 Be7 11. Qd2 Be6 12. a5 O-O 13. Be3 Nd7 14. Na4 1/2-1/2

[Event "SenWM Bad Zwischenahn"]
[Site "?"]
[Date "2008.??.??"]
[Round "?"]
[White "Pape, Manfred"]
[Black "Goy, Udo"]
[Result "1/2-1/2"]
[WhiteElo "2300"]
[BlackElo "2210"]
[PlyCount "29"]
[EventDate "2008.??.??"]

1. Nf3 Nf6 2. g3 b6 3. Bg2 Bb7 4. d3 e5 5. O-O d6 6. c4 Nbd7 7. Nc3 g6 8. Bg5
h6 9. Bd2 Bg7 10. Qc1 Rb8 11. Rb1 Kf8 12. Qc2 Kg8 13. e4 Kh7 14. b4 a6 15. Na4
1/2-1/2

[Event "SenWM Bad Zwischenahn"]
[Site "?"]
[Date "2008.??.??"]
[Round "?"]
[White "Thieme, Hans"]
[Black "Bachmann, Karlheinz"]
[Result "1-0"]
[WhiteElo "2095"]
[BlackElo "2275"]
[PlyCount "47"]
[EventDate "2008.??.??"]

1. e4 c5 2. Nf3 e6 3. d4 cxd4 4. Nxd4 Nf6 5. Nc3 d6 6. g4 h6 7. h4 Nc6 8. Rg1
h5 9. gxh5 Nxh5 10. Bg5 Nf6 11. Be2 a6 12. h5 Bd7 13. Qd2 Be7 14. O-O-O Qc7 15.
h6 gxh6 16. Bxf6 Bxf6 17. Nf5 exf5 18. Nd5 Qd8 19. Qxh6 Be6 20. Nxf6+ Ke7 21.
Qg5 fxe4 22. Nxe4+ Kf8 23. Qg7+ Ke7 24. Qf6+ 1-0

[Event "SenWM Bad Zwischenahn"]
[Site "?"]
[Date "2008.??.??"]
[Round "?"]
[White "Jorgensen, Jorgen"]
[Black "Kool, Gerard"]
[Result "1-0"]
[WhiteElo "2250"]
[BlackElo "2155"]
[PlyCount "39"]
[EventDate "2008.??.??"]

1. Nf3 Nf6 2. g3 b6 3. Bg2 Bb7 4. c4 e6 5. O-O Be7 6. Nc3 d5 7. cxd5 Nxd5 8.
Qa4+ Qd7 9. Qc2 c5 10. Ne5 Qc7 11. Qa4+ Kf8 12. Nxd5 exd5 13. d4 c4 14. Bf4 Bd6
15. Rac1 f6 16. Nxc4 Bxf4 17. Ne3 Bc6 18. gxf4 Qd6 19. Qb3 Na6 20. Rxc6 1-0

[Event "SenWM Bad Zwischenahn"]
[Site "?"]
[Date "2008.??.??"]
[Round "?"]
[White "Haubt, Georg"]
[Black "Stull, Norbert"]
[Result "1/2-1/2"]
[WhiteElo "2240"]
[BlackElo "2140"]
[PlyCount "40"]
[EventDate "2008.??.??"]

1. d4 Nf6 2. Bg5 b6 3. c4 Bb7 4. Nc3 e6 5. e4 h6 6. Bxf6 Qxf6 7. Nf3 Bb4 8. Bd3
c5 9. e5 Qe7 10. O-O Bxc3 11. bxc3 O-O 12. Re1 d5 13. cxd5 Bxd5 14. c4 Bb7 15.
Be4 cxd4 16. Qa4 Na6 17. Bxb7 Qxb7 18. Nxd4 Nc5 19. Qa3 Rfd8 20. Rad1 a6
1/2-1/2